Vista normal
Vista MARC
- Garagorri, Paulino
Entrada Nombre personal
Número de registros utilizados en: 1
001 - NÚMERO DE CONTROL
- campo de control: 30711
003 - IDENTIFICADOR DEL NÚMERO DE CONTROL
- campo de control: AR-RoBPED
005 - FECHA Y HORA DE LA ÚLTIMA TRANSACCIÓN
- campo de control: 20260407091941.0
008 - DATOS DE LONGITUD FIJA
- campo de control de longitud fija: 260407|| ac|||aabn | a|a d
040 ## - FUENTE DE LA CATALOGACIÓN
- Centro catalogador/agencia de origen: AR-RoBPED
100 ## - ENCABEZAMIENTO-NOMBRE DE PERSONA
- Nombre de persona: Garagorri, Paulino
- Fechas asociadas al nombre: 1916-2007